ENHANCING Teaching practice in higher education
Αποθηκεύτηκε σε:
| Κύριος συγγραφέας: | |
|---|---|
| Μορφή: | Βιβλίο |
| Γλώσσα: | Αγγλικά |
| Έκδοση: |
Sage
2016
|
| Ετικέτες: |
Προσθήκη ετικέτας
Δεν υπάρχουν, Καταχωρήστε ετικέτα πρώτοι!
|
MARC
| LEADER | 00000nam a22000007a 4500 | ||
|---|---|---|---|
| 008 | 210126b ||||| |||| 00| 0 eng d | ||
| 020 | |a 978-1-4462-0285-2 | ||
| 100 | |a edited by Pokorny, Helen, [and] Warren, Digby | ||
| 245 | |a ENHANCING Teaching practice in higher education |c edited by Helen Pokorny [and ] Digby Warren |g xvii; 232p.; ill. | ||
| 250 | |c edited by Pokorny, Helen, [and] Warren, Digby | ||
| 260 | |b Sage |c 2016 |h Los Angeles |i 692050 |i 692051 |l LB2331 .En3 |m College teaching – Great Britain |m Education, Higher – Standards – Great Britain |m Lecture method in teaching | ||
| 942 | |a lcc |c BK |e YUNUSA, A.A. |f 26/01/2021 | ||
| 952 | |0 0 |1 0 |2 lcc |4 0 |6 LB2331 E N3 |7 0 |9 1882 |a HOL |b ED |c LP |d 2021-01-26 |l 0 |o LB2331 .En3 |p 2021-5749 |r 2021-01-26 00:00:00 |w 2021-01-26 |y BK | ||
| 952 | |0 0 |1 0 |2 lcc |4 0 |6 LB2331 E N3 |7 0 |9 1883 |a HOL |b HOL |c LP |d 2021-01-26 |l 0 |o LB2331 .En3 |p 2021-5750 |r 2021-01-26 00:00:00 |w 2021-01-26 |y BK | ||
| 999 | |c 989 |d 989 | ||